| 000 | 005370000a22001810004500 | ||
|---|---|---|---|
| 003 | MACL | ||
| 005 | 20160324144517.0 | ||
| 008 | 160324b xxu||||| |||| 00| 0 eng d | ||
| 040 |
_aMACL _cMACL |
||
| 041 | _aHindi | ||
| 082 | _a080 | ||
| 100 |
_aसाेनी वेद प्रकाश _947796 |
||
| 245 | _aजो चाहें सो कैसे पाएं | ||
| 260 |
_bगर्विता पब्लिकेशन _c2005 _aलखनउ |
||
| 350 | _a175 | ||
| 650 |
_aEducation _948312 |
||
| 942 |
_cHIN _k080 _2ddc |
||
| 999 |
_c18201 _d18201 |
||